Los fichajes más caros del fútbol - Nacidos en 1999 - Estadísticas

Estadísticas generales
  • Esta prueba ha sido intentada 59 veces
  • La puntuación promedio es 9 de 10
Estadísticas de respuestas
Coste (M €) Temporada Nacionalidad Último club Nuevo club Jugador % Correcto
127,20 2019-2020 Portugal Benfica Atlético Madrid João Félix
98%
85,00 2022-2023 Uruguay Benfica Liverpool Darwin Núñez
96%
85,50 2019-2020 Países Bajos Ajax Juventus Matthijs de Ligt
96%
67,00 2022-2023 Países Bajos Juventus Bayern Múnich Matthijs de Ligt
96%
80,00 2020-2021 Alemania Bayer Leverkusen Chelsea Kai Havertz
94%
75,00 2023-2024 Alemania Chelsea Arsenal Kai Havertz
94%
70,00 2022-2023 Suecia Real Sociedad Newcastle United Alexander Isak
91%
116,60 2023-2024 Inglaterra West Ham Arsenal Declan Rice
85%
64,20 2023-2024 Inglaterra Chelsea Manchester United Mason Mount
76%
55,00 2023-2024 Francia Bayer Leverkusen Aston Villa Moussa Diaby
61%
No se encontraron pruebas coincidentes
Distribución de puntuación
Porcentaje de gente con cada puntuación
Porcentaje por número respondido
Historial de tus puntuaciones
No has intentado esta prueba.